Aventures avec votre calculateur

Salvato in:
Dettagli Bibliografici
Autori principali: Rade, Lennart (Autore), Kaufman, Burt A (Autore)
Natura: Libro
Lingua:francese
Pubblicazione: París Cedic 1979
Serie:Collection Formation des Maitres en Mathématiques
Soggetti:
Tags: Aggiungi Tag
Nessun Tag, puoi essere il primo ad aggiungerne!!

MARC

LEADER 00000nam a2200000 a 4500
001 UCQ8303
003 CL-VaPUC
008 981209e19790000FR |||||||||||||||||fre|d
082 0 4 |a 510.7  |b RAD  |2 21 
100 0 |a Rade, Lennart  |e author  |9 422195 
700 0 |a Kaufman, Burt A  |e author  |9 422196 
245 1 0 |a Aventures avec votre calculateur 
300 |a 111 p 
942 |c BK 
945 |d 19981209 00:00:00  |a crobeson 
260 |a París  |b Cedic  |c 1979 
650 0 |a Matemática  |9 260235 
650 0 |a Formación de profesores  |9 338945 
650 0 |a Calculadoras  |9 353224 
650 0 |a Matemáticas  |x Enseñanza  |9 875527 
583 |a last modification  |c 19981209 00:00:00  |k Rodrigo Vera 
490 0 |a Collection Formation des Maitres en Mathématiques 
999 |c 277588  |d 277586 
952 |0 0  |1 0  |4 0  |6 510_700000000000000_RAD_1979  |7 0  |8 A  |9 315601  |a BIBMAT  |b BIBMAT  |d 2019-11-20  |i 1300857  |o 510.7 RAD 1979  |p 1300857  |r 2025-01-07  |w 2019-11-20  |y BK  |k MAT